000 00682nam a2200241 i 4500
001 C2-0243288
003 PPAK
005 20180727205013.0
008 021018s2001 enka|||| ||||| | eng d
020 _a0500510482
040 _aPPAK
_beng
_cPPAK
_erda
082 0 4 _a764.412
_223
090 0 0 _a764.412
_bSEN
_dR
100 1 _aSentance, Bryan,
_eauthor
245 1 0 _aBasketry :
_ba world guide to traditional techniques
264 1 _aLondon :
_bThames & Hudson ,
_c2001
300 _a216 pages :
_bcolour illustrations ;
_c29 cm
336 _2rdacontent
_atext
337 _2rdamedia
_aunmediated
338 _2rdacarrier
_avolume
650 1 0 _aBasket making
942 _ddc
_cB
999 _c57857
_d57857